Normal view MARC view

Entry Nombre personal

Number of records used in: 59

001 - NÚMERO DE CONTROL

  • campo de control: 243197

003 - IDENTIFICADOR DE NÚMERO DE CONTROL

  • campo de control: DLC

005 - FECHA Y HORA DE LA ÚLTIMA TRANSACCIÓN

  • campo de control: 20260610142457.0

008 - ELEMENTOS DE DATO DE LONGITUD-FIJA

  • campo de control de longitud fija: 800324n| azannaabn |b aaa

010 ## - NÚMERO DE CONTROL DE LA BIBLIOTECA DEL CONGRESO

  • Número de control de LC: n 80005093

035 ## - NÚMERO DE CONTROL DEL SISTEMA

  • Número de control de sistema: (OCoLC)oca00387727

040 ## - FUENTE DE CATALOGACIÓN

  • Centro catalogador/agencia de origen: DLC
  • Lengua de catalogación: eng
  • Normas de descripción: rda
  • Centro/agencia transcriptor: DLC
  • Centro/agencia modificador: DLC
  • Centro/agencia modificador: CSt-HC
  • Centro/agencia modificador: OCoLC
  • Centro/agencia modificador: UPB
  • Centro/agencia modificador: HU
  • Centro/agencia modificador: DLC
  • Centro/agencia modificador: OCoLC

046 ## - FECHAS CON CODIFICACIÓN ESPECIAL

  • Fecha de nacimiento: 1871
  • Fecha de la muerte: 1945
  • Fuente del esquema de fecha: edtf

053 #0 - NÚMERO DE CLASIFICACIÓN LC

  • Número de clasificación–único número o número inicial del rango: PQ2643.A26

100 1# - ENCABEZAMIENTO-NOMBRE DE PERSONA

  • Nombre de persona: Valéry, Paul,
  • Fechas asociadas al nombre: 1871-1945

370 ## - LUGAR ASOCIADO

  • Lugar de nacimiento: France

374 ## - OCUPACIÓN

  • Ocupación: author

377 ## - IDIOMA ASOCIADO

  • Código del idioma: fre

400 1# - TRAZADO DE VÉASE--NOMBRE DE PERSONA

  • Nombre de persona: Fan-le-hsi, Pao-lo,
  • Fechas asociadas al nombre: 1871-1945

400 1# - TRAZADO DE VÉASE--NOMBRE DE PERSONA

  • Nombre de persona: Ṿaleri, Pol,
  • Fechas asociadas al nombre: 1871-1945

400 1# - TRAZADO DE VÉASE--NOMBRE DE PERSONA

  • Nombre de persona: Valery, P.
  • Forma completa/desarrollada del nombre: (Pōl),
  • Fechas asociadas al nombre: 1871-1945

400 1# - TRAZADO DE VÉASE--NOMBRE DE PERSONA

  • Nombre de persona: Valery, Pōl,
  • Fechas asociadas al nombre: 1871-1945

400 1# - TRAZADO DE VÉASE--NOMBRE DE PERSONA

  • Nombre de persona: Varerī, Pōru,
  • Fechas asociadas al nombre: 1871-1945

400 1# - TRAZADO DE VÉASE--NOMBRE DE PERSONA

  • Nombre de persona: ואלרי, פול

400 1# - TRAZADO DE VÉASE--NOMBRE DE PERSONA

  • Nombre de persona: ולרי, פול

400 1# - TRAZADO DE VÉASE--NOMBRE DE PERSONA

  • Nombre de persona: ולרי, פול,
  • Fechas asociadas al nombre: 1945־1871

400 1# - TRAZADO DE VÉASE--NOMBRE DE PERSONA

  • Nombre de persona: ヴァレリー, ポール,
  • Fechas asociadas al nombre: 1871-1945

670 ## - FUENTE DE DATOS ENCONTRADOS

  • Cita de la fuente: His La soirée avec M. Teste, 1919.

670 ## - FUENTE DE DATOS ENCONTRADOS

  • Cita de la fuente: Prokos, A.I. Tesseris poiētes kai henas zōgraphos, 1989:
  • Información encontrada: t.p. (P. Valery) cover (Pōl Valery)

670 ## - FUENTE DE DATOS ENCONTRADOS

  • Cita de la fuente: Shalosh masot be-poʼeṭikah, 1982:
  • Información encontrada: t.p. (Pol Ṿaleri)

670 ## - FUENTE DE DATOS ENCONTRADOS

  • Cita de la fuente: Hȳoden Pōru Varerī, 1968:
  • Información encontrada: t.p. (ポール·ヴァレリー = Pōru Varerī)